<The> New cambridge english course 2 student
Saved in:
| Main Author: | |
|---|---|
| Other Authors: | |
| Format: | Book |
| Language: | English |
| Published: |
Cambridge
University Press
1990
|
| Edition: | 1. ed. |
| Subjects: | |
| Tags: |
No Tags, Be the first to tag this record!
|
MARC
| LEADER | 00000nam a2200000 4500 | ||
|---|---|---|---|
| 001 | c002461 | ||
| 005 | 20221215114212.8 | ||
| 020 | |a 0-521-37638-6 | ||
| 041 | 0 | |a eng | |
| 044 | |a GB | ||
| 245 | 1 | 0 | |a <The> New cambridge english course 2 |b student |c Michael Swan, Catherine Walter |
| 250 | |a 1. ed. | ||
| 264 | 1 | |a Cambridge |b University Press |c 1990 | |
| 300 | |a 128 s. | ||
| 610 | 2 | 0 | |a jazykoveda |
| 610 | 2 | 0 | |a angličtina |
| 100 | 1 | |a Swan, Michael | |
| 700 | 1 | |a Walter, Catherine | |